000 00654nam a2200217Ia 4500
001 14840
003 GE_BSU
008 181216s||||||||xx |||||||||||||| ||und||
040 _cGE_BSU
080 _a514.12(075.8)
100 _aБеклемишев, Д.В.
245 _aКурс аналитической геометрии и линейной алгебры
245 _cРед.А.Ф.Лапко
250 _a4-е изд.
260 _aМосква
260 _bНаука
260 _c1980
300 _a335стр.20см.
653 _aКурс аналитической геометрии и линейной алгебры
942 _cBK
999 _c47963
_d47963